000 00323nam a2200121Ia 4500
008 220204s9999 xx 000 0 und d
082 _a159.9:133
_bOST
100 _aOstrander, Sheila
245 0 _aPsychic experiences: e.s.p. investigated
260 _aNew York
_bSterling
_c1977
700 _aSchroeder, Lynn
942 _cBK
999 _c31066
_d31066